Presidents de la Generalitat Valenciana - Estadísticas

Estadísticas generales
  • Esta prueba ha sido intentada 134 veces
  • La puntuación promedio es 4 de 8
Estadísticas de respuestas
Període President % Correcto
2003-2011 Francisco Camps
91%
2015-actualitat Joaquim Puig
88%
2011-2015 Alberto Fabra
75%
1995-2002 Eduardo Zaplana
67%
1982-1995 Joan Lerma
50%
2002-2003 José Luis Olivas
32%
1978-1979 Josep Lluís Albinyana
20%
1979-1982 Enric Monsonís
18%
No se encontraron pruebas coincidentes
Distribución de puntuación
Porcentaje de gente con cada puntuación
Porcentaje por número respondido
Historial de tus puntuaciones
No has intentado esta prueba.